Engelsk ordforråd - Bygg og anlegg - Statistics

General Stats
  • This quiz has been taken 66 times
    33 since last reset
  • The average score is 11 of 30
Answer Stats
Norsk Engelsk % Correct
Møbler Furniture
100%
Rørlegger Plumber
100%
Tre (materialet) Wood
83%
Lærling Apprentice
67%
Murstein Brick
67%
Firma Company / Business
67%
Betong Concrete
67%
Videregående High school / Upper secondary school
67%
Skade (på kropp) Injury
67%
Utendørs Outdoors
67%
Tømrer (eller snekker) Carpenter
50%
Byggeplass Construction site
50%
Isolasjon Insulation
50%
Vedlikehold Maintenance
50%
Murer Mason
33%
Yrke Profession / Vocation
33%
Hørselsvern Hearing protection / Ear protection
17%
Tømmer Lumber
17%
Vernebriller Safety goggles
17%
Stillas Scaffold
17%
Treteknikk Woodworking
17%
Bygg og anlegg Building and construction
0%
Vernehjelm Hard hat
0%
Anleggsmaskinfører Heavy machine operator
0%
Vernesko Safety boots
0%
Vernehansker Safety gloves
0%
Sikkerhetsseler Safety harness
0%
Veileder (nærmeste sjef) Supervisor
0%
Fag/håndverk/yrke Trade
0%
Fagbrev / Svennebrev Trade certificate / Journeyman's certificate
0%
No matching quizzes found
Score Distribution
Percent of People with Each Score
Percentile by Number Answered
Your Score History
You have not taken this quiz since the last reset